书目信息 |
| 题名: |
抽象代数
|
|
| 作者: | 赵春来 , 徐明曜 编著 | |
| 分册: | I | |
| 出版信息: | 北京 北京大学出版社 2008.10 |
|
| 页数: | 208页 | |
| 开本: | 21cm | |
| 丛书名: | 北京大学数学教学系列丛书 | |
| 单 册: | ||
| 中图分类: | O153 | |
| 科图分类: | ||
| 主题词: | 抽象代数--chou xiang dai shu--高等学校--教材 | |
| 电子资源: | ||
| ISBN: | 978-7-301-14168-7 | |
| 000 | 00991nam 2200277 450 | |
| 001 | 012008163516 | |
| 005 | 20091015172732.50 | |
| 010 | @a978-7-301-14168-7@dCNY18.00 | |
| 100 | @a20091015d2008 em y0chiy0120 ea | |
| 101 | 0 | @achi |
| 102 | @aCN@b110000 | |
| 105 | @ay a 000yy | |
| 106 | @ar | |
| 200 | 1 | @a抽象代数@Achou xiang dai shu@hI@f赵春来, 徐明曜编著@Fzhao chun lai,xu ming yao bian zhu |
| 210 | @a北京@c北京大学出版社@d2008.10 | |
| 215 | @a208页@d21cm | |
| 225 | 2 | @a北京大学数学教学系列丛书@Abei jing da xue shu xue jiao xue xi lie cong shu |
| 320 | @a有书目 | |
| 330 | @a本书主要内容包括:群、环、体、域的基本概念,群,环、域、模与格简介,习题提示与解答,此外精心挑选了许多的例子等。 | |
| 410 | 0 | @12001 @a北京大学数学教学系列丛书 |
| 606 | 0 | @a抽象代数@Achou xiang dai shu@x高等学校@j教材 |
| 690 | @aO153@v4 | |
| 701 | 0 | @a赵春来@Azhao chun lai@4编著 |
| 701 | 0 | @a徐明曜@Axu ming yao@4编著 |
| 801 | 0 | @aCN@bQSSK@c20091015 |
| 905 | @b763111-13@dO153@eZ293:1@f3 | |
| 抽象代数.I/赵春来, 徐明曜编著.-北京:北京大学出版社,2008.10 |
| 208页;21cm.-(北京大学数学教学系列丛书) |
| ISBN 978-7-301-14168-7:CNY18.00 |
| 本书主要内容包括:群、环、体、域的基本概念,群,环、域、模与格简介,习题提示与解答,此外精心挑选了许多的例子等。 |
| ● |
| 相关链接 |
|
|
|
正题名:抽象代数
索取号:O153/Z293:1
 
预约/预借
| 序号 | 登录号 | 条形码 | 馆藏地/架位号 | 状态 | 备注 |
| 1 | 763111 | 207631115 | 自科库401/401自科库 42排2列1层/ [索取号:O153/Z293:1] | 在馆 | |
| 2 | 763112 | 207631124 | 自科库401/401自科库 42排2列1层/ [索取号:O153/Z293:1] | 在馆 | |
| 3 | 763113 | 207631133 | 自科库401/401自科库 42排2列1层/ [索取号:O153/Z293:1] | 在馆 |